[Event "8th ch-Euro"]
[Site "Dresden GER"]
[Date "2007.04.11"]
[Round "8"]
[White "Eisenbeiser,A"]
[Black "Brener,I"]
[Result "1/2-1/2"]
[WhiteElo "2328"]
[BlackElo "2413"]

1.e4 c5 2.Nf3 Nc6 3.Bb5 g6 4.O-O Bg7 5.c3 Nf6 6.Re1 O-O 7.d4 cxd4 8.cxd4 d5
9.e5 Ne4 10.Nc3 Bf5 11.Bd3 Nxc3 12.bxc3 Bg4 13.h3 Bxf3 14.Qxf3 Rc8 15.Bg5 Na5
16.Rac1 f6 17.exf6 exf6 18.Bf4 Qd7 19.h4 Nc4 20.h5 g5 21.Bg3 f5 22.Bxc4 Rxc4
23.Be5 Bh6 24.Rb1 b5 25.Rb3 a6 26.Qg3 f4 27.Qd3 g4 28.Ra1 Ra4 29.Rb4 Ra3
30.Rb3 Ra4 31.Rb4 Ra3 32.Rb3  1/2-1/2

[Event "8th ch-Euro"]
[Site "Dresden GER"]
[Date "2007.04.11"]
[Round "8"]
[White "Zeller,F"]
[Black "Beckhuis,G"]
[Result "0-1"]
[WhiteElo "2429"]
[BlackElo "2313"]

1.e4 c5 2.Nf3 Nc6 3.Bb5 e6 4.O-O Nge7 5.b3 a6 6.Bxc6 Nxc6 7.Bb2 d6 8.d4 cxd4
9.Nxd4 e5 10.Nxc6 bxc6 11.c4 Qg5 12.c5 dxc5 13.Na3 Be6 14.Nc4 Rd8 15.Qe2 Rd4
16.Bxd4 cxd4 17.Na5 Bb4 18.Nxc6 Bc3 19.Rad1 O-O 20.Qxa6 Bh3 21.g3 Qf6 22.f4 Rc8
23.Nb8 Rxb8 24.Qa7 Qb6 25.Qxb6 Rxb6 26.Rf2 f5 27.fxe5 fxe4 28.Rf4 e3 29.Re4 h5  0-1

[Event "8th ch-Euro"]
[Site "Dresden GER"]
[Date "2007.04.12"]
[Round "9"]
[White "Iordachescu,V"]
[Black "Iljushin,A"]
[Result "1-0"]
[WhiteElo "2587"]
[BlackElo "2501"]

1.e4 c5 2.Nf3 Nc6 3.Bb5 g6 4.Bxc6 dxc6 5.d3 Bg7 6.h3 Nh6 7.O-O f6 8.a4 a5
9.Na3 Nf7 10.Nc4 O-O 11.Be3 b6 12.Nfd2 e5 13.b4 axb4 14.a5 bxa5 15.Bxc5 Re8
16.Bxb4 a4 17.Bc5 Ra6 18.Qb1 f5 19.Qb4 f4 20.Rfb1 Ng5 21.Nd6 Nxh3+ 22.Kf1 Ng5
23.Nxe8 Qxe8 24.Qc4+ Ne6 25.Rb8 Ra5 26.Bb6 Rb5 27.Qxa4 Bf8 28.Qa8 Qe7 29.Rxc8 Rxb6
30.Rxc6 Rb2 31.Nf3 g5 32.Qa6 Nd8 33.Qc4+  1-0

[Event "8th ch-Euro"]
[Site "Dresden GER"]
[Date "2007.04.12"]
[Round "9"]
[White "Schlawin,M"]
[Black "Manca,F"]
[Result "0-1"]
[WhiteElo "2306"]
[BlackElo "2424"]

1.e4 c5 2.Nf3 Nc6 3.Bb5 e6 4.Bxc6 bxc6 5.d3 d6 6.e5 d5 7.c4 Ne7 8.b3 Ng6
9.O-O Be7 10.Nc3 O-O 11.Ba3 f6 12.exf6 Rxf6 13.Qe1 Rxf3 14.gxf3 Bd6 15.f4 Bxf4
16.f3 Qg5+ 17.Kh1 Bd2 18.Ne4 dxe4 19.Qxe4 Bd7 20.Rg1 Qe3 21.Rad1 Qh6 22.Bxc5 Bf4
23.Rg2 Nh4 24.Rf2 Nf5 25.Kg2 Qxh2+ 26.Kf1 Qh1+ 27.Ke2 Ng3+  0-1

[Event "8th ch-Euro"]
[Site "Dresden GER"]
[Date "2007.04.12"]
[Round "9"]
[White "Buchal,S"]
[Black "Srienz,C"]
[Result "0-1"]
[WhiteElo "2330"]
[BlackElo "2197"]

1.e4 c5 2.Nf3 Nc6 3.Bb5 g6 4.Bxc6 dxc6 5.d3 Bg7 6.Nc3 Bg4 7.Be3 b6 8.h3 Bxf3
9.Qxf3 Nf6 10.O-O O-O 11.a4 a5 12.Rad1 e5 13.Bg5 Qd6 14.Nb1 Nh5 15.Nd2 Nf4
16.Bxf4 exf4 17.Rfe1 Rfe8 18.Re2 Qc7 19.c3 Rad8 20.Nf1 Re6 21.Red2 Qe5 22.Nh2 h5
23.Re1 Bh6 24.Qd1 Qf6 25.Rde2 Rd7 26.Qc2 Qd8 27.Rd1 Red6 28.Nf3 Rxd3 29.Rxd3 Rxd3
30.e5 Rd1+ 31.Kh2 Qd3 32.Qxd3 Rxd3 33.e6 Rd8 34.exf7+ Kxf7 35.Ne5+ Kf6 36.Nc4 b5
37.Nxa5 bxa4 38.Nxc6 f3 39.gxf3 Rd2 40.Rxd2 Bxd2 41.Na5 Bc1 42.Nc4 Bxb2  0-1

[Event "8th ch-Euro"]
[Site "Dresden GER"]
[Date "2007.04.14"]
[Round "11"]
[White "Hracek,Z"]
[Black "Parligras,M"]
[Result "1-0"]
[WhiteElo "2613"]
[BlackElo "2522"]

1.e4 c5 2.Nf3 Nc6 3.Bb5 d6 4.O-O Bd7 5.Re1 Nf6 6.h3 e6 7.c3 Be7 8.d4 cxd4
9.cxd4 d5 10.e5 Ne4 11.Bd3 Nb4 12.Bxe4 dxe4 13.Rxe4 h5 14.Nc3 Bc6 15.Re1 Bxf3
16.gxf3 Qd7 17.Be3 Rd8 18.Qb3 b6 19.a3 Nd5 20.Rac1 f6 21.Nxd5 Qxd5 22.Qxd5 Rxd5
23.Rc8+ Bd8 24.f4 O-O 25.Ra8 Rf7 26.Rc1 f5 27.Rc6 Re7 28.a4 Kf7 29.b4 Red7
30.b5 Be7 31.Kg2 Ba3 32.Rcc8 Be7 33.Kf3 Bd8 34.Ke2 Be7 35.Rh8 Kg6 36.Rhc8 Kf7
37.Rc2 Bd8 38.Rc4 Be7 39.Kd3 Bd8 40.Kc3 Be7 41.f3 Bd8 42.Bf2 Rb7 43.Rc6 Rbd7
44.Kc4 Rb7 45.Be1 Rbd7 46.Bc3 Bh4 47.Rcc8 Bf2 48.Rf8+ Kg6 49.Rae8 Bxd4 50.Rxe6+ Kh7
51.Rd6 R5xd6 52.exd6 Bxc3 53.Kxc3 Kg6 54.Rc8 Kf6 55.Rc7 Rxd6 56.Rxa7 g5 57.fxg5+ Kxg5
58.Ra6 Kf4 59.a5 Kxf3 60.Rxb6  1-0

[Event "Reykjavik International"]
[Site "Reykjavik ISL"]
[Date "2007.04.14"]
[Round "4"]
[White "Gunnarsson,J"]
[Black "Bellin,R"]
[Result "1/2-1/2"]
[WhiteElo "2419"]
[BlackElo "2381"]

1.e4 c5 2.Nf3 Nc6 3.Bb5 e6 4.Bxc6 bxc6 5.O-O Qc7 6.d3 Ne7 7.Ng5 h6 8.Qh5 g6
9.Qh4 Bg7 10.Nh3 Ba6 11.Na3 d5 12.Rb1 Qa5 13.c4 Rd8 14.Kh1 dxc4 15.dxc4 Rd4
16.b3 e5 17.Bb2 Rd2 18.Rfd1 g5 19.Qg3 Rxb2 20.Rxb2 Qxa3 21.Rbd2  1/2-1/2

[Event "FSIMA April"]
[Site "Budapest HUN"]
[Date "2007.04.17"]
[Round "11"]
[White "Kosmo,S"]
[Black "Schneider,Ve"]
[Result "1-0"]
[WhiteElo "2278"]
[BlackElo "2238"]

1.e4 c5 2.Nf3 Nc6 3.Bb5 e6 4.O-O a6 5.Bxc6 dxc6 6.d3 Qc7 7.e5 b5 8.Nbd2 Ne7
9.c4 Bb7 10.b3 Rd8 11.Ne4 Nf5 12.Ba3 b4 13.Bb2 Nd4 14.Bxd4 cxd4 15.c5 Rd5
16.Qc2 Qa5 17.Rfc1 Be7 18.a3 bxa3 19.b4 Qd8 20.Rxa3 f6 21.Nd6+ Bxd6 22.exd6 O-O
23.Nd2 f5 24.Re1 e5 25.Nc4 Qe8 26.Nb6 Qf7 27.Nxd5 Qxd5 28.Qb3 Qxb3 29.Rxb3 Re8
30.f4 e4 31.dxe4 fxe4 32.Rxe4  1-0

[Event "Abierto"]
[Site "Berazategui ARG"]
[Date "2007.04.19"]
[Round "2"]
[White "Malbran,G"]
[Black "Ricardi,P"]
[Result "0-1"]
[WhiteElo "2300"]
[BlackElo "2523"]

1.e4 c5 2.Nf3 Nc6 3.Bb5 g6 4.Bxc6 bxc6 5.O-O Bg7 6.Re1 Nh6 7.c3 O-O 8.d4 Qb6
9.h3 f6 10.Nbd2 cxd4 11.cxd4 Nf7 12.Nc4 Qa6 13.b3 d5 14.Nb2 e5 15.dxe5 fxe5
16.Qe2 Qxe2 17.Rxe2 Nd6 18.exd5 e4 19.Ne1 cxd5 20.Rb1 d4 21.Rc2 Nb5 22.Nd1 Bf5
23.g4 Be6 24.Rc5 Rab8 25.Bb2 Rfd8 26.f3  0-1

[Event "Chess Classic Open"]
[Site "Gausdal NOR"]
[Date "2007.04.20"]
[Round "3"]
[White "Rausis,I"]
[Black "Savage,B"]
[Result "1-0"]
[WhiteElo "2537"]
[BlackElo "2332"]

1.e4 c5 2.Nf3 Nc6 3.Bb5 g6 4.Bxc6 dxc6 5.d3 Bg7 6.h3 Nf6 7.Nc3 O-O 8.Be3 b6
9.Qd2 e5 10.O-O Qd6 11.Bh6 Be6 12.b3 Nd7 13.Rae1 f6 14.Nh4 Rf7 15.Bxg7 Kxg7
16.Ne2 c4 17.d4 Kg8 18.Qc3 exd4 19.Nxd4 c5 20.Nxe6 Qxe6 21.f4 cxb3 22.axb3 Qe7
23.Nf3 Re8 24.Qc4 Kg7 25.Qc3 Kg8 26.Rf2 Qd6 27.e5 fxe5 28.fxe5 Qc6 29.e6 Rxe6
30.Rxe6 Qxe6 31.Ng5 Qe5 32.Qxe5 Nxe5 33.Nxf7 Nxf7 34.Rd2 Ne5 35.Rd5 Nc6 36.Rd7 a5
37.c3 c4 38.bxc4 a4 39.Rd6 Na5 40.Rxb6 a3 41.Ra6 Nxc4 42.Ra4  1-0

[Event "9th Open"]
[Site "Dubai UAE"]
[Date "2007.04.23"]
[Round "2"]
[White "Safarli,E"]
[Black "Ramaswamy,A"]
[Result "1-0"]
[WhiteElo "2463"]
[BlackElo "2281"]

1.e4 c5 2.Nf3 Nc6 3.Bb5 g6 4.Bxc6 dxc6 5.O-O Bg7 6.d3 Nf6 7.Nc3 Bg4 8.h3 Bxf3
9.Qxf3 Nd7 10.Qe2 e5 11.Be3 Qe7 12.a3 O-O 13.Qd2 b6 14.Rab1 a5 15.Ne2 Rfd8
16.Bh6 Bxh6 17.Qxh6 Nf8 18.f4 exf4 19.Rxf4 Qe5 20.Rbf1 Ra7 21.Rg4 Qxb2 22.Nf4 Kh8
23.Nxg6+ Nxg6 24.Rxg6 Rg8 25.Rxg8+ Kxg8 26.Rf4 Ra8 27.Rh4 Qd4+ 28.Kh1 Rd8
29.Qg5+ Kf8 30.Rxh7 Rd6 31.e5 Rg6 32.Rh8+ Kg7 33.Qh5  1-0

[Event "VI It"]
[Site "Sao Jose do Rio Preto ARG"]
[Date "2007.04.23"]
[Round "5"]
[White "Crosa Coll,M"]
[Black "Oliveira,Si"]
[Result "1/2-1/2"]
[WhiteElo "2403"]
[BlackElo "2187"]

1.e4 c5 2.Nf3 Nc6 3.Bb5 d6 4.O-O Bd7 5.c3 Nf6 6.Re1 a6 7.Bf1 Bg4 8.h3 Bxf3
9.Qxf3 g6 10.Na3 Bg7 11.Nc2  1/2-1/2

[Event "XIII Open"]
[Site "Cutro ITA"]
[Date "2007.04.26"]
[Round "4"]
[White "Kasparova,T"]
[Black "Scerbo,A"]
[Result "1/2-1/2"]
[WhiteElo "2218"]
[BlackElo "2117"]

1.e4 c5 2.Nf3 Nc6 3.Bb5 d6 4.Bxc6+ bxc6 5.O-O Bg4 6.h3 Bh5 7.e5 d5 8.d3 e6
9.Nc3 Rb8 10.b3 Ne7 11.Na4 c4 12.dxc4 dxc4 13.Be3 Qxd1 14.Rfxd1 Bxf3 15.gxf3 Nc8
16.Nb2 Nb6 17.Bxb6 axb6 18.Nxc4 Bb4 19.Rd3 b5 20.Nd6+ Ke7 21.a3 Ra8 22.Rad1 Bxa3
23.Nb7 Rhc8 24.Rd7+ Ke8 25.f4 Rab8 26.f5 Be7 27.fxe6 fxe6 28.c3 c5 29.Kg2 Rc6
30.b4 cxb4 31.cxb4 Rc4 32.Nc5 Bxc5 33.bxc5 Rxc5 34.Rxg7 Rcc8 35.Rxh7 b4 36.Rdd7 b3
37.Rdg7 Kf8 38.Rb7 Kg8 39.Rhc7 Rxb7 40.Rxb7 Rc5 41.f4 Rc3 42.h4 Rd3 43.h5 Rc3
44.h6 Rd3 45.Rb6 Kh7 46.Rxe6 Rd4 47.Rb6 Rxf4 48.e6 Re4 49.Kf3 Re1 50.Rxb3  1/2-1/2

[Event "President's Cup Rapid"]
[Site "Ankara TUR"]
[Date "2007.04.28"]
[Round "4"]
[White "Olcayoz,A"]
[Black "Yagiz,Y"]
[Result "1-0"]
[WhiteElo "2315"]
[BlackElo "2304"]

1.e4 c5 2.Nf3 Nc6 3.Bb5 g6 4.Bxc6 dxc6 5.d3 Bg7 6.h3 e5 7.Be3 Qe7 8.Qd2 Nf6
9.O-O b6 10.Qc3 Nd7 11.b4 cxb4 12.Qxc6 Rb8 13.a3 b3 14.cxb3 O-O 15.Nc3 Ba6
16.Nd5 Qe6 17.Qxe6 fxe6 18.Ne7+ Kf7 19.Nc6 Rbc8 20.Ng5+ Ke8 21.Nb4 Bb7 22.Nxe6 Rg8
23.Nxg7+ Rxg7 24.Rac1 Nc5 25.Bxc5 bxc5 26.Nc2 Rd7 27.Rfd1 Ba6 28.Ne3 Rxd3
29.Rxd3 Bxd3 30.f3 Ke7 31.Kf2 Ke6 32.Rc3 Ba6 33.Nd5 Bb7 34.Ne3 Ba6 35.Ke1 Kd6
36.h4 Rb8 37.Kd2 h5 38.Nd5 Bf1 39.Ne3 Ba6 40.Ke1 Rf8 41.Kf2 Rf4 42.Kg3 Rf8
43.b4 cxb4 44.axb4 Bb5 45.Rc5 Rb8 46.Nd5 Bc6 47.Ra5 Bxd5 48.Rxd5+ Ke6 49.b5 Rc8
50.Rd2 Rb8 51.Ra2 Rxb5 52.Ra6+ Rb6 53.Rxa7 Kf6 54.Rd7 Rc6 55.Rd2 Rb6 56.Kf2 Ra6
57.Kg3 Rb6 58.Ra2 Rc6 59.Kh3 Rb6 60.g4 hxg4+ 61.Kxg4 Rc6 62.Ra8 Rb6 63.Rf8+ Kg7
64.Re8 Kf6 65.Ra8 Rc6 66.f4 exf4 67.Kxf4 Rb6 68.Rd8 Re6 69.Rd5 Rb6 70.Ra5 Rc6
71.Ra7 Re6 72.Rh7 Ra6 73.h5 g5+ 74.Kg4 Ra1 75.Rh6+ Ke5 76.Kxg5 Rg1+ 77.Kh4 Kxe4
78.Rg6 Rf1 79.Kg5 Ke5 80.Ra6 Rf5+ 81.Kg6 Rf1 82.h6 Rg1+ 83.Kf7 Rb1 84.h7 Rb7+
85.Kg6 Rb8 86.Ra7 Ke6 87.Rg7 Rb1 88.h8=Q Rg1+ 89.Kh7 Kd5  1-0

[Event "President's Cup Rapid"]
[Site "Ankara TUR"]
[Date "2007.04.28"]
[Round "6"]
[White "Olcayoz,A"]
[Black "Haznedaroglu,K"]
[Result "0-1"]
[WhiteElo "2315"]
[BlackElo "2440"]

1.e4 c5 2.Nf3 Nc6 3.Bb5 e6 4.O-O Nge7 5.d4 cxd4 6.Bxc6 dxc6 7.Qxd4 Qxd4 8.Nxd4 e5
9.Nf3 f6 10.Be3 Be6 11.Nc3 Nc8 12.Na4 b6 13.b3 Nd6 14.Nd2 Be7 15.c4 Nb7 16.Rfd1 O-O-O
17.Kf1 g6 18.Ke2 f5 19.f3 f4 20.Bf2 g5 21.h3 h5 22.Nf1 Rdg8 23.Nh2 g4 24.hxg4 hxg4
25.Nxg4 Bxg4 26.fxg4 Rxg4 27.Rh1 Rhg8 28.Rh7 Kd7 29.Rd1+ Ke6 30.Rh6+ Bf6
31.c5 b5 32.Nc3 Rxg2 33.b4 R8g3 34.Nd5 cxd5 35.exd5+ Kf5 36.Rh7 Rg7 37.Rh8 e4
38.Kf1 e3 39.Rh5+ Ke4  0-1

[Event "I Open Casino"]
[Site "Lugano SUI"]
[Date "2007.04.29"]
[Round "1"]
[White "Botta,Ga"]
[Black "Horvath,Ta1"]
[Result "1/2-1/2"]
[WhiteElo "1948"]
[BlackElo "2414"]

1.e4 c5 2.Nf3 Nc6 3.Bb5 e6 4.Bxc6 bxc6 5.d3 Ne7 6.Nc3 Ng6 7.O-O e5 8.Re1 Be7
9.Ne2 O-O 10.Ng3 d6 11.c3 Be6 12.d4 cxd4 13.cxd4 f6 14.Qa4 Qd7 15.h3 Rfc8
16.Bd2 Nf8 17.Rad1 c5 18.Qxd7 Nxd7 19.d5 Bf7 20.Nf5 Bf8 21.Be3 Be8 22.Nd2 Nb6
23.Rc1 Bd7 24.g4 g6 25.Nh4 Be7 26.f3 Rab8 27.b3 Kf7 28.Ng2 Bb5 29.f4 a5 30.a4 Ba6
31.fxe5 fxe5 32.Rc3 Nd7 33.Nf3 c4 34.bxc4 Rxc4 35.Rxc4 Bxc4 36.Bd2 Bd8 37.Ne3 Bd3
38.Nd1 Nc5 39.Nc3 Rb3 40.Re3 Ba6 41.Nb5 Bxb5 42.Rxb3 Nxb3 43.axb5 a4 44.Bb4 Bb6+
45.Kg2 Nc5 46.Nd2 Ba7 47.Kf3 Nb3 48.Nc4 Nd4+ 49.Kg3  1/2-1/2

[Event "I Open Casino"]
[Site "Lugano SUI"]
[Date "2007.04.30"]
[Round "4"]
[White "Kogan,Ar"]
[Black "Valsecchi,A"]
[Result "0-1"]
[WhiteElo "2566"]
[BlackElo "2135"]

1.e4 c5 2.Nf3 Nc6 3.Bb5 g6 4.O-O Bg7 5.Re1 e5 6.b4 cxb4 7.a3 Nge7 8.axb4 O-O
9.d3 d6 10.Nbd2 h6 11.Ba3 Kh7 12.Bc4 f5 13.b5 Nd4 14.Nxd4 exd4 15.Qb1 fxe4
16.Nxe4 Nf5 17.Bd5 Be5 18.Nd2 Ne3 19.Bf3 Qh4 20.fxe3 Qxh2+ 21.Kf1 Bh3 22.Ke2 Rxf3
23.Nxf3 Qxg2+ 24.Kd1 Qxf3+ 25.Kc1 dxe3 26.Bb4 Qf4 27.Ra3 Bf1 28.Qb3 e2+ 29.Bd2 Qf6
30.Ra4 Qf2 31.d4 Bg7 32.Qd5 Bg2 33.Qxd6 Be4 34.Qe6 Qf3 35.b6 a6 36.Qc4 Qf5
37.Ra5 Rc8 38.Rc5 Rxc5 39.dxc5 Bc6 40.Bc3 Bb5 41.Qb4 Qg5+ 42.Kb1 Qd5 43.Bxg7 Kxg7
44.c6 Qxc6 45.Qe7+ Kg8 46.Qd8+ Kf7 47.Qc7+ Kf6 48.Qxc6+ Bxc6 49.Rxe2 h5 50.Kc1 h4
51.Kd2 h3 52.Ke3 g5 53.c4 Kf5 54.Ra2 g4 55.Ra5+ Kg6 56.Rc5 Bf3  0-1

[Event "TCh-RUS HL"]
[Site "Sochi RUS"]
[Date "2007.05.03"]
[Round "1"]
[White "Yatsenko,A"]
[Black "Smirnov,Arte"]
[Result "0-1"]
[WhiteElo "2430"]
[BlackElo "2403"]

1.e4 c5 2.Nf3 Nc6 3.Bb5 g6 4.O-O Bg7 5.Re1 Nf6 6.e5 Nd5 7.Nc3 Nc7 8.Bxc6 dxc6
9.Ne4 b6 10.Nf6+ Kf8 11.Ne4 Bg4 12.Nc3 Ne6 13.h3 Bxf3 14.Qxf3 Nd4 15.Qd1 Qc7
16.f4 f6 17.Ne4 f5 18.Nf2 Rd8 19.c3 Ne6 20.Qf3 Qd7 21.d3 Qd5 22.Qe2 h6 23.h4 g5
24.Qh5 Kg8 25.Qg6 gxf4 26.h5 Ng5 27.Bxf4 Qe6 28.Qxe6+ Nxe6 29.g3 Kf7 30.Re3 Bf8
31.Kf1 Ng7 32.g4 fxg4 33.Nxg4 Ke6 34.Ke2 Nxh5 35.Bh2 Ng7 36.Rf1 h5 37.Nf2 Nf5
38.Rf3 Bh6 39.Nh3 Nh4 40.R3f2 Rdg8 41.Bf4 Rg4 42.Rh2 Ng6 43.Bxh6 Rxh6 44.Nf2 Rf4
45.Ke3 Rf5 46.d4 cxd4+ 47.cxd4 c5 48.Re1 cxd4+ 49.Kxd4 Rf4+ 50.Kc3 h4 51.Nd3 Rg4
52.Nf2 Rg3+ 53.Kd4 Rh5 54.Nd3 Rg4+ 55.Kc3 Rf5  0-1

[Event "TCh-RUS HL"]
[Site "Sochi RUS"]
[Date "2007.05.03"]
[Round "1"]
[White "Chadaev,N"]
[Black "Khalukov,Y"]
[Result "1/2-1/2"]
[WhiteElo "2486"]
[BlackElo "2398"]

1.e4 c5 2.Nf3 Nc6 3.Bb5 d6 4.O-O Bd7 5.Re1 Nf6 6.c3 a6 7.Bf1 Bg4 8.d3 e6
9.Nbd2 Be7 10.h3 Bh5 11.Qc2 O-O 12.g3 b5 13.Bg2 Rc8 14.Nh2 Bg6 15.f4 Nd7
16.Ndf1 f6 17.Ne3 Nb6 18.f5 exf5 19.Nxf5 Bxf5 20.exf5 d5 21.a4 bxa4 22.Bf4 Bd6
23.Qe2 Bxf4 24.gxf4 Re8 25.Qh5 Qd7 26.Ng4 Re7 27.Kh1 Rce8 28.Rg1 Kh8 29.Bf3 Qd6
30.Raf1 Qxf4 31.Bxd5 Qc7 32.Bg2 Ne5 33.Nxe5 Rxe5 34.d4 Re2 35.dxc5 Qxc5 36.Rd1 Qe5
37.Qg4 Rxb2 38.Rd4 Re2 39.c4 Re1 40.Bf1 Qc7 41.c5 Nc8 42.Rxa4 R8e7 43.Rc4 a5
44.Qf3 R1e3 45.Qg2 Na7 46.Qf2 Qc6+ 47.Kh2 Rf3 48.Qd4 Rd7 49.Qg4 Rd2+ 50.Bg2 Rff2
51.Kh1 h6 52.Qxg7+ Kxg7 53.Bxc6+ Kf8 54.Bg2 Nc6 55.Rcc1 a4 56.Rcf1 Rfe2 57.Re1 Rf2
58.Ref1  1/2-1/2

[Event "TCh-RUS"]
[Site "Sochi RUS"]
[Date "2007.05.03"]
[Round "2"]
[White "Miton,K"]
[Black "Khenkin,I"]
[Result "1-0"]
[WhiteElo "2653"]
[BlackElo "2629"]

1.e4 c5 2.Nf3 Nc6 3.Bb5 d6 4.O-O Bd7 5.Re1 Nf6 6.h3 Ne5 7.Nc3 Bxb5 8.Nxb5 Qb6
9.Nxe5 dxe5 10.Na3 Nd7 11.Nc4 Qc7 12.a4 e6 13.d3 Nb6 14.Ne3 Be7 15.Qg4 O-O
16.b3 Qc6 17.Bb2 f6 18.Rf1 Nd7 19.g3 Rf7 20.f4 exf4 21.gxf4 Bd6 22.Rf2 Re8
23.Rg2 Nf8 24.Rf1 Ng6 25.f5 exf5 26.Nxf5 Be5 27.Bc1 Qd7 28.Qh5 Rff8 29.Kh1 Bd4
30.Rf3 Be5 31.Rf1 Bd4 32.Rg4 Re5 33.Bd2 Rfe8 34.Rg2 R5e6 35.Rf3 Be5 36.Be3 c4
37.bxc4 Ra6 38.Rf1 Rxa4 39.Qg4 Kh8 40.h4 Qf7 41.h5 Ne7 42.Qxg7+ Qxg7 43.Nxg7 Rg8
44.Ne6 Rxg2 45.Kxg2 Ra6 46.Nd8 Ra2  1-0

[Event "TCh-RUS"]
[Site "Sochi RUS"]
[Date "2007.05.03"]
[Round "2"]
[White "Ovetchkin,R"]
[Black "Korotylev,A"]
[Result "0-1"]
[WhiteElo "2554"]
[BlackElo "2620"]

1.e4 c5 2.Nf3 Nc6 3.Bb5 d6 4.Bxc6+ bxc6 5.O-O Bg4 6.h3 Bh5 7.Re1 e6 8.d3 Nf6
9.Nbd2 Nd7 10.Nf1 Be7 11.Ng3 Bg6 12.Bf4 O-O 13.Qe2 Re8 14.e5 d5 15.c4 a5
16.Rad1 a4 17.Qd2 Rb8 18.Bg5 Bxg5 19.Nxg5 h6 20.Nf3 Rb4 21.Qc3 Qb6 22.Re2 Rb8
23.Rdd2 Qc7 24.cxd5 cxd5 25.d4 Rc4 26.Qe3 Rbb4 27.dxc5 Qxc5 28.a3 Rb3 29.Qxc5 Nxc5
30.Re3 Rc1+ 31.Re1 Rc2 32.Rxc2 Bxc2 33.Rc1 Rxb2 34.Nd4 Nb3 35.Rxc2 Rb1+ 36.Kh2 Nxd4
37.Rc8+ Kh7 38.Ra8 Nc6 39.Rxa4 Nxe5 40.Ra7 Rb2 41.Kg1 Kg6 42.Ra4 Ra2 43.Ra7 h5  0-1

[Event "TCh-RUS HL"]
[Site "Sochi RUS"]
[Date "2007.05.04"]
[Round "2"]
[White "Buldakov,E"]
[Black "Smirnov,Arte"]
[Result "0-1"]
[WhiteElo "2302"]
[BlackElo "2403"]

1.e4 c5 2.Nf3 Nc6 3.Bb5 g6 4.Bxc6 dxc6 5.d3 Bg7 6.h3 Nf6 7.Nc3 O-O 8.Be3 b6
9.O-O e5 10.Qd2 Nh5 11.Bh6 Qd6 12.Ne2 f5 13.Bxg7 Nxg7 14.exf5 Bxf5 15.Qe3 Rae8
16.Ng3 Qd5 17.Qh6 Ne6 18.Ng5 Nxg5 19.Qxg5 e4 20.dxe4 Bxe4 21.Nxe4 Rxe4 22.Qxd5+ cxd5
23.f3 Re2 24.Rf2 Rfe8 25.Kf1 R2e3 26.Rd2 d4 27.h4 Kf7 28.Kf2 R8e5 29.a4 a5
30.Rad1 Kf6 31.Rc1 Ke6 32.Rcd1 Kf5 33.Rc1 Re6 34.Rcd1 h5 35.Rc1 g5 36.hxg5 Kxg5
37.Rcd1 h4 38.Rc1 h3 39.Rg1 Kf4 40.g3+ Kg5 41.Rh1 Rf6 42.Rxh3 Rfxf3+ 43.Kg2 d3
44.cxd3 Rxd3 45.Re2 Rfe3 46.Rf2 Rb3 47.Kh2 Re6 48.Rd2 Rbe3 49.Rf2 Re2 50.Kg2 R6e3
51.Rh1 Rxf2+ 52.Kxf2 Rb3 53.Rb1 Rb4 54.Ke2 Rxa4 55.Kd3 Rb4 56.Kc3 Kg4 57.Rg1 a4
58.Rg2 b5 59.Re2 Rb3+ 60.Kc2 c4 61.Re5 Kxg3 62.Rf5 Kg4 63.Rf8 a3 64.bxa3 Rxa3
65.Rb8 Rb3 66.Rf8 b4 67.Rf7 Rf3 68.Rc7 Rf4  0-1

[Event "TCh-RUS HL"]
[Site "Sochi RUS"]
[Date "2007.05.04"]
[Round "2"]
[White "Rodchenkov,S"]
[Black "Iljushin,A"]
[Result "1/2-1/2"]
[WhiteElo "2399"]
[BlackElo "2501"]

1.e4 c5 2.Nf3 Nc6 3.Bb5 g6 4.Bxc6 dxc6 5.O-O Bg7 6.d3 Nh6 7.Re1 O-O 8.Nbd2 f6
9.a4 Nf7 10.a5 Be6 11.b3 Qc7 12.Qe2 Rad8 13.Ra4 Bc8  1/2-1/2

[Event "FSGM May"]
[Site "Budapest HUN"]
[Date "2007.05.05"]
[Round "1"]
[White "Koons,N"]
[Black "Bui Vinh"]
[Result "0-1"]
[WhiteElo "2289"]
[BlackElo "2483"]

1.e4 c5 2.Nf3 Nc6 3.Bb5 g6 4.O-O Bg7 5.c3 Nf6 6.d4 cxd4 7.cxd4 d5 8.e5 Ne4
9.Nc3 O-O 10.Ng5 Nxc3 11.bxc3 h6 12.Nf3 Qa5 13.Qb3 Be6 14.Ba3 Qc7 15.Rab1 Rfc8
16.Bxc6 bxc6 17.Bc5 Bf5 18.Rb2 Rab8 19.Qa3 Bf8 20.Nd2 Rxb2 21.Qxb2 Rb8 22.Qa3 Rb5
23.Nb3 a5 24.Re1 Bd3 25.h3 Kg7 26.e6 f6 27.Re3 Bc4 28.Nd2 Qb7 29.Re1 Bd3
30.Re3 Bc2 31.Qc1 Rb2 32.Qa1 Be4 33.Rxe4 dxe4 34.Nb3 Rc2 35.Nxa5 Qb5 36.Bb4 e3
37.fxe3 Qe2 38.Qf1 Qxe3+ 39.Kh2 Rf2 40.Qd1 Qf4+ 41.Kh1 Qg3  0-1

[Event "TCh-RUS HL"]
[Site "Sochi RUS"]
[Date "2007.05.06"]
[Round "4"]
[White "Lanin,A"]
[Black "Raetsky,A"]
[Result "1/2-1/2"]
[WhiteElo "2465"]
[BlackElo "2420"]

1.e4 c5 2.Nf3 Nc6 3.Bb5 e6 4.O-O Nge7 5.c3 a6 6.Be2 d5 7.exd5 Nxd5 8.d4 Be7
9.dxc5 Bxc5 10.c4 Nf6 11.Nc3 O-O 12.Bg5 Be7 13.Qc2 b6 14.Rfd1 Qc7 15.Bh4 Rd8
16.Rxd8+ Qxd8 17.Rd1 Qc7 18.Bg3 Qb7 19.a3 Bd7 20.Bf4 Be8 21.Na4 Rd8 22.Be3 Rxd1+
23.Qxd1 Nd7 24.b4 Qc7 25.Qb3 a5 26.c5 bxc5 27.bxc5 h6 28.Qb5 Nf6 29.Qb6 Nd5
30.Qxc7 Nxc7 31.Nb6 e5 32.Bc4 Kf8 33.Nc8 f5 34.Nd6 Bd7 35.Kf1 Bf6 36.Bd2 e4
37.Ne1 Ke7 38.Nc2 Be6 39.Ne3 g6 40.a4 Be5 41.Bxe6 Kxe6 42.Nb7 Na6 43.Nc4 Bd4
44.Ncxa5 Nxa5 45.Nxa5 Kd5 46.Nb3 Bg7 47.Ke2 Kc4 48.Na5+ Kxc5 49.Nb7+ Kc6
50.Na5+ Kd5 51.Nb3 Kc4 52.Na5+ Kd5  1/2-1/2

[Event "FSIM May"]
[Site "Budapest HUN"]
[Date "2007.05.09"]
[Round "5"]
[White "Mueller,Marku1"]
[Black "Arjun,V"]
[Result "0-1"]
[WhiteElo "2147"]
[BlackElo "2274"]

1.e4 c5 2.Nf3 Nc6 3.Bb5 e6 4.Bxc6 bxc6 5.Qe2 Ne7 6.d3 Ng6 7.h4 h5 8.e5 f6
9.Qe4 Kf7 10.Rh3 d5 11.exd6 Bxd6 12.Na3 e5 13.Rh1 Ne7 14.Bd2 Be6 15.Nc4 Bd5
16.Qe2 Nf5 17.O-O-O Nd4 18.Nxd4 cxd4 19.Rhg1 Rb8 20.g4 Bxc4 21.dxc4 Qe7 22.c5 Bxc5
23.Rg3 e4 24.Qc4+ Kf8 25.Kb1 Bd6 26.Rg2 c5 27.Rgg1 Qf7 28.Qa6 Rb6 29.Qc8+ Qe8
30.Qf5 c4 31.gxh5 Rxh5 32.Qg4 Rb7 33.Bc1 Kg8 34.Qe2 d3 35.cxd3 cxd3 36.Qg4 Bf8
37.Qf4 Qe5 38.Qe3 Rxh4 39.f4 Qf5 40.Qd4 Rd7 41.Qc4+ Qd5 42.Qc8 Rd8 43.Qc7 Rh7
44.Bd2 Re8 45.Bc3 Qf7 46.Qc6 e3 47.Bxf6 Re6 48.Rxg7+ Rxg7 49.Bxg7  0-1

[Event "TCh-RUS"]
[Site "Sochi RUS"]
[Date "2007.05.09"]
[Round "8"]
[White "Yandemirov,V"]
[Black "Popov,Val"]
[Result "0-1"]
[WhiteElo "2515"]
[BlackElo "2589"]

1.e4 c5 2.Nf3 Nc6 3.Bb5 d6 4.c3 Nf6 5.Qe2 e5 6.d4 cxd4 7.cxd4 exd4 8.Nxd4 Bd7
9.Nxc6 bxc6 10.Bd3 Be7 11.Nc3 O-O 12.O-O Re8 13.f4 a5 14.Kh1 a4 15.Bd2 Bf8
16.Qf3 Qb8 17.Rab1 Ra7 18.e5 dxe5 19.fxe5 Qxe5 20.Ne4 Bd6 21.Nxd6 Qxd6 22.Bc3 Bg4  0-1

[Event "TCh-RUS"]
[Site "Sochi RUS"]
[Date "2007.05.10"]
[Round "9"]
[White "Lastin,A"]
[Black "Tregubov,P"]
[Result "1/2-1/2"]
[WhiteElo "2590"]
[BlackElo "2615"]

1.e4 c5 2.Nf3 Nc6 3.Bb5 d6 4.O-O Bd7 5.Re1 Nf6 6.h3 Ne5 7.a4 a6 8.Bxd7+ Nfxd7
9.Nxe5 Nxe5 10.b3 e6 11.Bb2 Be7 12.Bxe5 dxe5 13.a5 c4 14.bxc4 O-O 15.Ra4 Bc5
16.d3 Qd7 17.Ra2 Bb4 18.c3 Bc5 19.Kh1 Rfd8 20.Rd2 Rac8 21.Qb3 Qc7 22.Qa4 Rd7
23.Red1 Qd8 24.Na3 Bxa3 25.Qxa3 Rxc4 26.dxc4 Rxd2 27.Rxd2 Qxd2 28.Qe7 Qc1+  1/2-1/2

[Event "TCh-RUS w"]
[Site "Sochi RUS"]
[Date "2007.05.10"]
[Round "10"]
[White "Vasilevich,I"]
[Black "Kovalevskaya,E"]
[Result "0-1"]
[WhiteElo "2380"]
[BlackElo "2432"]

1.e4 c5 2.Nf3 Nc6 3.Bb5 g6 4.Bxc6 bxc6 5.d3 Bg7 6.Nc3 Rb8 7.O-O d6 8.h3 e5
9.Nh2 Be6 10.b3 Ne7 11.Qe1 f5 12.f4 exf4 13.Bxf4 O-O 14.Nf3 Qd7 15.e5 Nd5
16.Nxd5 Bxd5 17.d4 Rbe8 18.Qd1 cxd4 19.exd6 c5 20.Qd3 Re4 21.Nd2 Rxf4 22.Rxf4 Qxd6
23.Rff1 Qc6 24.Qg3 d3 25.Rac1 Bd4+ 26.Kh1 Re8 27.Nf3 Bxf3 28.Rxf3 Bb2 29.Rcf1 dxc2
30.Qg5 Qd5 31.R3f2 Qd1 32.Qf4 c1=Q 33.Rxd1 Qxd1+ 34.Rf1 Qd4  0-1

[Event "FSIM May"]
[Site "Budapest HUN"]
[Date "2007.05.13"]
[Round "9"]
[White "Vazirova,K"]
[Black "Titz,Hei"]
[Result "1-0"]
[WhiteElo "2150"]
[BlackElo "2240"]

1.e4 c5 2.Nf3 Nc6 3.Bb5 d6 4.O-O Bd7 5.Re1 a6 6.Bf1 Bg4 7.c3 Nf6 8.d4 cxd4
9.cxd4 Bxf3 10.gxf3 d5 11.Nc3 e6 12.exd5 Nxd5 13.Bc4 Be7 14.Bxd5 exd5 15.Bg5 O-O
16.Bxe7 Nxe7 17.Qb3 Nc6 18.Rad1 Qh4 19.Qxd5 Rad8 20.Re4 Qf6 21.Qc4 Qxf3 22.d5 Rd6
23.Rd3 Rg6+ 24.Kf1 Qg2+ 25.Ke2 Rf6 26.dxc6 Rxf2+ 27.Kd1 bxc6 28.Ne2 Qxh2
29.Qxc6 Rxe2 30.Rxe2 Qg1+ 31.Kc2  1-0

[Event "25th Liechtenstein Open"]
[Site "Triesen LIE"]
[Date "2007.05.16"]
[Round "6"]
[White "Froewis,G"]
[Black "Kostic,VG"]
[Result "0-1"]
[WhiteElo "2133"]
[BlackElo "2410"]

1.e4 c5 2.Nf3 Nc6 3.Bb5 e6 4.O-O Nge7 5.c3 a6 6.Ba4 b5 7.Bc2 d5 8.d4 cxd4
9.exd5 Nxd5 10.cxd4 Be7 11.a3 Bb7 12.Re1 Rc8 13.Nc3 Nxc3 14.bxc3 Na5 15.Ne5 Bf6
16.Qg4 Rxc3 17.Nxf7 Kxf7 18.Qxe6+ Kf8 19.Bd2 Bd5 20.Qe2 Rxc2 21.Bb4+ Kf7
22.Qxc2 Nc6 23.Rac1 Qd7 24.Qe2 h5 25.Bd2 Nxd4 26.Qe3 Bc4 27.Qf4 Rc8 28.Qe4 Nb3
29.Bc3 Nxc1  0-1

[Event "ch-UZB"]
[Site "Tashkent UZB"]
[Date "2007.05.17"]
[Round "7"]
[White "Dzhumaev,M"]
[Black "Khamrakulov,D"]
[Result "1/2-1/2"]
[WhiteElo "2505"]
[BlackElo "2322"]

1.e4 c5 2.Nf3 Nc6 3.Bb5 g6 4.O-O Bg7 5.c3 Nf6 6.Re1 O-O 7.e5 Nd5 8.d4 cxd4
9.cxd4 d6 10.Nc3 Nxc3 11.bxc3 Bg4 12.exd6 exd6 13.h3 Bxf3 14.Qxf3 Qa5 15.Bxc6 bxc6
16.Bf4 d5 17.Re7 Rae8 18.Rd7 Re6 19.Bd6 Rf6 20.Qe3 Re6 21.Qf3 Rf6 22.Qd3 Re8
23.Bc5 a6 24.a4 Bf8 25.Ra7 Bxc5 26.Rxa6 Qc7 27.dxc5 Qf4 28.Qg3 Qc4 29.Rb6 Re2
30.Rbb1 Qxc5 31.Rf1 Qc4 32.a5 c5 33.Qg4 Qa6 34.Qg5 Rf5 35.Qd8+ Kg7 36.Rab1 Rc2
37.Qb6 Qc4 38.a6 Rf6 39.Qd8 Qxa6 40.Rb8 Qxf1+  1/2-1/2